[Event "Cagliari Alfa Lum op 3rd"]
[Site "Cagliari"]
[Date "2012.09.02"]
[Round "5"]
[White "Caglio, Luigi"]
[Black "Palmas, Alessandro"]
[Result "1/2-1/2"]
[WhiteElo "2073"]
[BlackElo "1825"]
[PlyCount "42"]
[EventDate "2012.08.31"]
[EventType "swiss"]
[EventRounds "6"]
[EventCountry "ITA"]
[SourceTitle "EXT 2014"]
[Source "ChessBase"]
[SourceDate "2013.11.20"]
[SourceVersion "1"]
[SourceVersionDate "2013.11.20"]
[SourceQuality "1"]

1. e4 e6 2. d4 d5 3. Nd2 Nf6 4. e5 Nfd7 5. Bd3 c5 6. c3 Nc6 7. Ne2 Qb6 8. Nf3 Be7 9. 0-0 0-0 10. Re1 Re8 11. b3 cxd4 12. cxd4 f6 13. exf6 Nxf6 14. Bb2 Bd6 15. Ne5 Rf8 16. Ng3 Bxe5 17. dxe5 Ne4 18. Nxe4 dxe4 19. Bxe4 Qxf2+ 20. Kh1 Qxb2 21. Qh5 g6 1/2-1/2

[Event "Cagliari Alfa Lum op 3rd"]
[Site "Cagliari"]
[Date "2012.08.31"]
[Round "1"]
[White "Garau, Francesca"]
[Black "Palmas, Alessandro"]
[Result "0-1"]
[WhiteElo "1542"]
[BlackElo "1825"]
[PlyCount "92"]
[EventDate "2012.08.31"]
[EventType "swiss"]
[EventRounds "6"]
[EventCountry "ITA"]
[SourceTitle "EXT 2014"]
[Source "ChessBase"]
[SourceDate "2013.11.20"]
[SourceVersion "1"]
[SourceVersionDate "2013.11.20"]
[SourceQuality "1"]

1. d4 Nf6 2. Bf4 c5 3. c3 cxd4 4. cxd4 e6 5. e3 Bb4+ 6. Nd2 Ne4 7. Ngf3 g5 8. Be5 f6 9. Bg3 g4 10. Nh4 Bxd2+ 11. Ke2 Nxg3+ 12. hxg3 Bb4 13. a3 Bd6 14. Rc1 Kf7 15. Ke1 Qa5+ 16. b4 Qxa3 17. Bc4 Qxb4+ 18. Kf1 Kg7 19. Qd3 Qa3 20. Qc2 b6 21. Ba2 Ba6+ 22. Kg1 Rc8 23. Qb1 Rxc1+ 24. Qxc1 Qxc1+ 25. Kh2 Qb2 26. Rf1 Qxa2 27. f3 Bxf1 28. Kg1 Qxg2+ 29. Nxg2 Bxg2 30. Kxg2 Na6 31. fxg4 f5 32. gxf5 exf5 33. Kf3 Bxg3 34. Kxg3 Re8 35. Kf4 Kf6 36. d5 Re4+ 37. Kf3 Ke5 38. Ke2 f4 39. Kd3 Nc5+ 40. Ke2 Rxe3+ 41. Kf2 Ke4 42. Kg2 Rf3 43. Kh1 Rg3 44. d6 Kf3 45. Kh2 Kf2 46. Kh1 Rh3# 0-1

[Event "Sardegna Region-ch"]
[Site "Capoterra"]
[Date "2012.05.19"]
[Round "1"]
[White "Sonis, Luca"]
[Black "Palmas, Alessandro"]
[Result "0-1"]
[WhiteElo "1548"]
[BlackElo "1823"]
[PlyCount "54"]
[EventDate "2012.05.19"]
[EventType "swiss"]
[EventRounds "6"]
[EventCountry "ITA"]
[SourceTitle "EXT 2014"]
[Source "ChessBase"]
[SourceDate "2013.11.20"]
[SourceVersion "1"]
[SourceVersionDate "2013.11.20"]
[SourceQuality "1"]

1. e4 e5 2. Nf3 Nc6 3. Be2 Nf6 4. Nc3 Bc5 5. 0-0 d6 6. d3 h6 7. Be3 Bb6 8. Bxb6 axb6 9. a3 0-0 10. Na2 Re8 11. Nc3 Bd7 12. d4 exd4 13. Nxd4 Nxe4 14. Nxe4 Rxe4 15. Nb3 Qf6 16. Rb1 Rae8 17. Bd3 R4e7 18. Qd2 Ne5 19. Qc3 Bc6 20. f3 Qg5 21. Bc4 Nxc4 22. Qxc4 Bb5 23. Qc3 Bxf1 24. Kxf1 Re2 25. g4 Qh4 26. Qd4 Qh3+ 27. Kg1 Qg2# 0-1

[Event "Sardegna Region-ch"]
[Site "Sardara"]
[Date "2011.05.29"]
[Round "7"]
[White "Palmas, Alessandro"]
[Black "Di Pinto, Vincenzo"]
[Result "1/2-1/2"]
[WhiteElo "1826"]
[BlackElo "1622"]
[PlyCount "81"]
[EventDate "2011.05.23"]
[EventType "swiss"]
[EventRounds "8"]
[EventCountry "ITA"]
[SourceTitle "EXT 2023"]
[Source "ChessBase"]
[SourceDate "2022.10.05"]
[SourceVersion "1"]
[SourceVersionDate "2022.10.05"]
[SourceQuality "1"]

1. d4 Nf6 2. c4 e6 3. Nc3 d5 4. Bf4 Bd6 5. Bxd6 Qxd6 6. Nf3 0-0 7. e3 c6 8. Qc2 b6 9. cxd5 cxd5 10. Rc1 Bb7 11. Bd3 Nc6 12. a3 e5 13. Nb5 Qe7 14. dxe5 Nxe5 15. Bf5 g6 16. Bh3 Nc4 17. 0-0 a6 18. Nbd4 Ne4 19. a4 f5 20. b3 Ncd6 21. Qc7 Qxc7 22. Rxc7 Rf7 23. Rfc1 Rc8 24. Rxc8+ Bxc8 25. Ne5 Re7 26. Nd3 Ng5 27. Nf4 Bb7 28. g3 Nxh3+ 29. Nxh3 h6 30. Nf4 Kf7 31. Kg2 g5 32. Nd3 a5 33. Nc6 d4 34. exd4 Re2 35. d5 Rd2 36. Nd8+ Ke8 37. Nxb7 Nxb7 38. Rc7 Nd6 39. Ne5 Ne4 40. d6 Rxd6 41. Nc4 1/2-1/2

[Event "Sardegna Region-ch"]
[Site "Sardara"]
[Date "2010.04.24"]
[Round "6"]
[White "Marano, Daniele"]
[Black "Palmas, Alessandro"]
[Result "0-1"]
[WhiteElo "1696"]
[BlackElo "1855"]
[PlyCount "58"]
[EventDate "2010.04.17"]
[EventType "swiss"]
[EventRounds "8"]
[EventCountry "ITA"]
[SourceTitle "EXT 2024"]
[Source "ChessBase"]
[SourceDate "2023.10.10"]
[SourceVersion "1"]
[SourceVersionDate "2023.10.10"]
[SourceQuality "1"]

1. e4 e5 2. Bc4 Nf6 3. d3 Bc5 4. Nc3 d6 5. Nf3 Nc6 6. h3 Be6 7. Nd5 h6 8. Bd2 0-0 9. Nh2 Bxd5 10. Bxd5 Nxd5 11. exd5 Ne7 12. Qf3 Ng6 13. 0-0-0 a5 14. Ng4 b5 15. h4 f5 16. Nxh6+ gxh6 17. Qg3 Kh7 18. Bg5 hxg5 19. hxg5+ Kg7 20. Qh3 Qxg5+ 21. Kb1 Rh8 22. Qf3 Rxh1 23. Rxh1 Rh8 24. Re1 Qf4 25. Qd1 Qxf2 26. g4 f4 27. Rf1 Qg2 28. d4 Bxd4 29. c3 Rh2 0-1

[Event "Cagliari Alfa Lum op"]
[Site "Cagliari"]
[Date "2009.08.30"]
[Round "5"]
[White "Putzolu, Marcello"]
[Black "Palmas, Alessandro"]
[Result "0-1"]
[WhiteElo "1872"]
[BlackElo "1820"]
[PlyCount "112"]
[EventDate "2009.08.28"]
[EventType "swiss"]
[EventRounds "6"]
[EventCountry "ITA"]
[SourceTitle "EXT 2012"]
[Source "ChessBase"]
[SourceDate "2011.11.24"]
[SourceVersion "1"]
[SourceVersionDate "2011.11.24"]
[SourceQuality "1"]

1. d4 Nf6 2. c4 e6 3. a3 d5 4. Nc3 c5 5. e3 Nc6 6. Nf3 Be7 7. Be2 0-0 8. 0-0 a6 9. Rb1 dxc4 10. Bxc4 b5 11. Be2 c4 12. e4 Qc7 13. e5 Nd5 14. Be3 Rd8 15. Nxd5 exd5 16. Qc1 Bf5 17. Ra1 Na5 18. Qc3 Rac8 19. Nd2 Nc6 20. f4 Qd7 21. h3 h5 22. Bxh5 Bxh3 23. gxh3 Qxh3 24. Bf3 Qg3+ 25. Bg2 b4 26. Bf2 bxc3 27. Bxg3 cxd2 28. Rad1 Nxd4 29. Rxd2 Nf5 30. Bf2 d4 31. Bh3 g6 32. Bxf5 gxf5 33. Rxd4 Rxd4 34. Bxd4 Rd8 35. Bc3 Bc5+ 36. Kg2 Rd3 37. Rf3 Rd1 38. Rf1 Rd3 39. Rc1 Be3 40. Rc2 Bxf4 41. Re2 Re3 42. Rxe3 Bxe3 43. Kf3 f4 44. Be1 Kg7 45. Kg4 Kg6 46. Bc3 Bc1 47. Bd4 Bd2 48. Bc3 Bxc3 49. bxc3 f3 50. Kxf3 Kf5 51. a4 Kxe5 52. Ke3 f5 53. Kf3 f4 54. a5 Kf5 55. Kf2 Ke4 56. Ke2 f3+ 0-1

[Event "Cagliari Alfa Lum op"]
[Site "Cagliari"]
[Date "2009.08.29"]
[Round "4"]
[White "Lobina, Paolo"]
[Black "Palmas, Alessandro"]
[Result "0-1"]
[WhiteElo "1767"]
[BlackElo "1820"]
[PlyCount "52"]
[EventDate "2009.08.28"]
[EventType "swiss"]
[EventRounds "6"]
[EventCountry "ITA"]
[SourceTitle "EXT 2012"]
[Source "ChessBase"]
[SourceDate "2011.11.24"]
[SourceVersion "1"]
[SourceVersionDate "2011.11.24"]
[SourceQuality "1"]

1. c4 Nf6 2. d4 e5 3. dxe5 Ng4 4. Nf3 Nc6 5. Nc3 Ngxe5 6. e3 d6 7. Nxe5 Nxe5 8. Be2 Be6 9. b3 Be7 10. 0-0 0-0 11. f4 Nc6 12. f5 Bd7 13. Bb2 Bf6 14. a3 Re8 15. Qd2 Qc8 16. Bd3 Rxe3 17. Nd5 Rxd3 18. Qxd3 Bxb2 19. Ra2 Be5 20. b4 Qd8 21. b5 Ne7 22. Raf2 Nxd5 23. Qxd5 c6 24. Qd3 cxb5 25. cxb5 Qb6 26. Kh1 Bxb5 0-1

[Event "Cagliari Alfa Lum op"]
[Site "Cagliari"]
[Date "2009.08.28"]
[Round "2"]
[White "Pili, Giangiuseppe"]
[Black "Palmas, Alessandro"]
[Result "0-1"]
[WhiteElo "1698"]
[BlackElo "1820"]
[PlyCount "60"]
[EventDate "2009.08.28"]
[EventType "swiss"]
[EventRounds "6"]
[EventCountry "ITA"]
[SourceTitle "EXT 2012"]
[Source "ChessBase"]
[SourceDate "2011.11.24"]
[SourceVersion "1"]
[SourceVersionDate "2011.11.24"]
[SourceQuality "1"]

1. d4 Nf6 2. Nf3 g6 3. c4 c5 4. Bg5 Bg7 5. Nc3 cxd4 6. Nxd4 0-0 7. g3 Nc6 8. Bg2 h6 9. Nxc6 bxc6 10. Bxf6 Bxf6 11. Rc1 Rb8 12. Qd2 Bg7 13. 0-0 Qb6 14. b3 Rd8 15. e4 Qd4 16. Qc2 Qb6 17. Rfd1 d6 18. Na4 Qc7 19. c5 Bb7 20. Rd2 e6 21. cxd6 Rxd6 22. Rcd1 Rbd8 23. Rxd6 Rxd6 24. Rxd6 Qxd6 25. Nc5 Bc8 26. h3 Bd4 27. Nd3 Ba6 28. e5 Bxd3 29. Qxc6 Qxc6 30. Bxc6 Bxe5 0-1

[Event "Laconi Perla del Sarcidano op 3rd"]
[Site "Laconi"]
[Date "2007.08.08"]
[Round "7"]
[White "Palmas, Alessandro"]
[Black "Pes, Francesco"]
[Result "0-1"]
[WhiteElo "1527"]
[BlackElo "1820"]
[PlyCount "200"]
[EventDate "2007.08.04"]
[EventType "swiss"]
[EventRounds "9"]
[EventCountry "ITA"]
[SourceTitle "EXT 2010"]
[Source "ChessBase"]
[SourceDate "2010.11.25"]
[SourceVersion "1"]
[SourceVersionDate "2010.11.25"]
[SourceQuality "1"]

1. e4 c6 2. d4 d5 3. exd5 cxd5 4. c4 Nf6 5. Nc3 Nc6 6. Nf3 Bg4 7. Be3 e6 8. h3 Bh5 9. a3 Be7 10. g4 Bg6 11. Nh4 Ne4 12. Nxg6 Nxc3 13. bxc3 fxg6 14. Qb3 Qa5 15. Bg2 0-0-0 16. Rb1 b6 17. c5 Rd7 18. cxb6 Qxa3 19. Qxa3 Bxa3 20. bxa7 Rxa7 21. Ke2 Bd6 22. c4 Ra2+ 23. Kf1 Ne7 24. c5 Bc7 25. Rd1 Kd7 26. Rd2 Ra4 27. Bf3 Rb8 28. Kg2 Ba5 29. Rdd1 Bc3 30. Rd3 Ba5 31. Bd1 Ra2 32. Rb3 Rxb3 33. Bxb3 Rb2 34. Ba4+ Kc8 35. Rc1 Bd2 36. Bxd2 Rxd2 37. Re1 Rxd4 38. Rxe6 Kd8 39. Rd6+ Kc8 40. Bb5 Rb4 41. Rb6 Kc7 42. Re6 Rxb5 43. Rxe7+ Kc6 44. Rxg7 Rb7 45. Rg8 Kxc5 46. Rc8+ Kd4 47. Rc1 Rd7 48. Kf3 Rf7+ 49. Ke2 Ke4 50. Rc3 d4 51. Ra3 Rd7 52. Rg3 Ra7 53. h4 Ra2+ 54. Ke1 Ra1+ 55. Kd2 Rh1 56. h5 gxh5 57. gxh5 Rxh5 58. f3+ Kd5 59. f4 Ke4 60. Rg8 Rh2+ 61. Ke1 Kxf4 62. Rf8+ Ke3 63. Re8+ Kd3 64. Rd8 h5 65. Kf1 h4 66. Rh8 Kc2 67. Kg1 Rh3 68. Kg2 Rg3+ 69. Kh2 d3 70. Rxh4 d2 71. Kxg3 d1Q 72. Rf4 Qd3+ 73. Kg4 Qg6+ 74. Kf3 Kd3 75. Kf2 Qb6+ 76. Kg3 Ke3 77. Rf3+ Ke2 78. Rf4 Qe3+ 79. Kg4 Qe6+ 80. Kg5 Ke3 81. Rf6 Qg8+ 82. Rg6 Qd5+ 83. Kf6 Kf4 84. Kg7 Qd7+ 85. Kh6 Qf7 86. Rg1 Qf8+ 87. Kh7 Qf5+ 88. Rg6 Qd7+ 89. Kh6 Qf7 90. Rg1 Qf6+ 91. Kh7 Ke5 92. Re1+ Kd6 93. Rd1+ Ke7 94. Rc1 Qf5+ 95. Kg8 Qg5+ 96. Kh7 Qxc1 97. Kg6 Qf4 98. Kh5 Qg3 99. Kh6 Kf6 100. Kh7 Qg7# 0-1